000
00277nam a2200121Ia 4500
008
241002s9999 xx 000 0 und d
082
_a
940.53 WIN
100
_a
Winstons, Churchill
245
0
_a
Second World War
260
_a
London:
_c
1951
600
_a
History
942
_c
UC
999
_c
18839
_d
18839